000
00335nam a2200133Ia 4500
008
240624s9999 xx 000 0 und d
041
_a
eng
082
_a
658.155 VIL
100
_a
VILLALONGA BELEN
245
_a
FINANCE AND STRATEGY
260
_c
2014
_a
United Kingdom
_b
Emerald
300
_a
xviii, 373 p.; 23 cm.
365
_c
BPS
_b
30
999
_c
30094
_d
30094